000 00711nam a22002417a 4500
003 UA-OsUOA
001 51768
007 ta
008 20141021b un ||||| |||| 00| 0 ukr d
100 _aMagocsi P.R.
090 _a94(477)
942 _cBR
040 _aUA-OsUOA
_beng
_cUA-OsUOA
_dUA-OsUOA
245 _aThe Language Question Among the Subcarpathian Rusyns
300 _a38 p.
955 _a1
041 _aeng
080 _a94(477)
260 _aFairview
_bCarpatho-Rusyn Research Center
_c1979
650 7 _a9 Географія. Біографії. Історія
_2UDC
999 _c431892
_d431892